000 00377nam a2200157Ia 4500
008 230917s9999||||xx |||||||||||||| ||und||
020 _cRS2.5
040 _e47396
_aMAIN
041 _aEnglish
082 _a822.9 O45A:S
100 _aAyling, Ronald
245 0 _aSean O'Casey: A bibliography
260 _aLondon
_bMacmillan
_c1978
300 _axxiv, 411 p.
942 _cBK
999 _c194532
_d194532